1594 1036 1436 1568 1893 1556 1324 1420 1177 1824 1701 1479 1723 1881 1750 1967 1390 1007 1724 1504 1186 1310 1225 1287 1423 1702 1267 1205 1739 1455 1522 1832 1423 1738 1415 1763 1301 1111 1804 1929 1511 1350 1812 1769 1641 1038 1644 1074 1710 1214 1053 1727 1050 1881 1237 1080 1440 1526 1987 1801 1517 1789 1709 1229 1676 1544 1420 1083 1108 1325 1773 1093 1837 1463 1914 1449 1102 1592 1102 1229 1264 1507 1043 1155 1554 1499 1886 1539 1212 1545 1266 1556 1232 1179 1970 1111 1183 1918 1209 BCNSPRNW ULIB Ver.6.0+V

เปลี่ยนเป็นภาษาไทย

Change to English
 แสดงรายละเอียดบรรณานุกรม
  กลับหน้าหลัก

Brief Record : Get Marc (ISO 2709) : E-mail record : QR code < ปิดหน้าต่าง
LEADER : 00000nam 2200000uu 4500
001    13399112368
003     ULIB
008    110627s2551||||th 000 0 tha d
020    9789747503272
090    นว.^bจ685ก 2551
100 0  จูนิตา
245 00 เกมรัก..ซ่อนใจ/^cจูนิตา
250    พิมพ์ครั้งที่ 2
260    กรุงเทพฯ :^bแจ่มใส,^c2551
300    342 หน้า
710 1  แจ่มใส
945    ^p209^l0^i024465
995    ทศพร
999 ^a ใช้งานได้ทุกระบบ
รายการนี้ยังไม่มีแท็ก
คุณยังไม่ได้ล็อกอิน คุณสามารถมีกิจกรรมร่วมกับเว็บไซต์ได้ แต่ต้องล็อกอินก่อน ::
  ล็อกอิน

รายการสื่อสารสนเทศ

ลำดับที่ ประเภท เลขเรียก/บาร์โค้ด สถานที่ สถานะ
- ไม่พบข้อมูล -

BibComment


ยังไม่เคยถูกคอมเมนท์

คอมเมนท์ทรัพยากรรายการนี้
  คอมเมนท์: เกมรักซ่อนใจ จูนิตา


 Copyright 2026. Bcnsprnw @Library